000 00539nam a2200217Ia 4500
003 OSt
005 20220924142431.0
006 a|||||r|||| 00| 0
007 ta
008 220923b |||||||| |||| 00| 0 ben d
024 _a301893
037 _cTextual
040 _aARTS
_cARTS
_bben
041 _2ben
_aben
082 _aY1wL49, 157E1
100 _aSingh Priyanath
_9213384
245 0 _aKrishan panti
650 _aSOCIOLOGY
942 _hY1wL49, 157E1
_cTEXL
_2CC
999 _c450703
_d450703